| 000 | 00639nam a22002057a 4500 | ||
|---|---|---|---|
| 005 | 20130812114002.0 | ||
| 010 | _aENG-108164 | ||
| 020 |
_a9781107601949 _c395.00 |
||
| 035 | _aEN-91697 | ||
| 037 | _bDBAD/PUB | ||
| 082 | _a796.358 | ||
| 245 | 1 | 0 |
_aThe Cambridge companion to cricket / _cedited by Anthony Bateman [and] Jeffrey Hill |
| 260 |
_aNew Delhi _bCambridge University Press _c2011 |
||
| 270 |
_a4381/4, Ansari Road, Daryaganj _bNew Delhi _e110002 |
||
| 300 |
_axxvi,282p. _c23cm(pbk) |
||
| 500 | _aIncludes index | ||
| 700 | _aBateman, Anthony | ||
| 700 | _aHill, Jeffrey | ||
| 942 |
_2ddc _cEN _mCAM _h796.358 |
||
| 999 |
_c78134 _d78134 |
||